|
|
|
|
| LEADER |
00000nab a2200000 a 4500 |
| 001 |
vtls009161199 |
| 003 |
SK-MaSNL |
| 005 |
20260304153351.0 |
| 008 |
250506c2007 xo mr|p|||an |000 b|slo |
| 015 |
|
|
|a SNBRB2007/11
|
| 035 |
|
|
|a (uuid)200e3f95-6f56-40e1-abde-0636fc13012e
|
| 035 |
|
|
|a urn:nbn:sk:snk-abd5kg
|
| 035 |
|
|
|a (urnnbn)urn:nbn:sk:snk:ar-007fpw
|
| 038 |
|
|
|a SPK
|
| 040 |
|
|
|a SNKBUCL
|b slo
|c SNKBUCL
|e AACR2
|
| 041 |
0 |
|
|a slo
|b slo
|
| 044 |
|
|
|a xo
|c SK
|
| 072 |
|
7 |
|a 364
|x Sociálne problémy vyžadujúce podporu a pomoc. Sociálne zabezpečenie
|2 konspekt
|
| 072 |
|
7 |
|a 616.89
|x Psychiatria
|2 konspekt
|
| 080 |
|
|
|a 364.633
|x "465.06/.09"
|2 1997
|
| 080 |
|
|
|a 616.89-008.44
|2 1997
|
| 100 |
1 |
|
|a Šípošová, Iveta,
|4 aut
|9 1064537
|
| 245 |
1 |
0 |
|a Sexuálne zneužívanie detí mladšieho školského veku a pedofília
|c Iveta Šípošová
|
| 504 |
|
|
|a Bibliogr. odkazy
|
| 546 |
|
|
|a Res. slov.
|
| 650 |
0 |
7 |
|a sexuálne zneužívanie detí
|2 snkbucl
|9 68481
|
| 650 |
0 |
7 |
|a mladší školský vek
|2 spk
|9 381830
|
| 650 |
0 |
7 |
|a pedofília
|2 snkbucl
|9 17585
|
| 773 |
0 |
|
|t Vychovávateľ
|g Roč. LV, č. 3 (2007), s. 23-25
|x 0139-6919
|
| 850 |
|
|
|a Slovenská národná knižnica
|
| 852 |
|
|
|a Slovenská národná knižnica
|
| 954 |
|
|
|a odborná, vedecká literatúra pôvodná (slovenská)
|2 lita
|
| 958 |
|
|
|a article17
|
| 958 |
|
|
|a NB
|2 spk
|
| 958 |
|
|
|a OND
|
| 958 |
|
|
|a EUIPO
|
| 999 |
|
|
|c 2953413
|d 2955343
|